快速急行停車駅 - Statistics

General Stats
  • This quiz has been taken 475 times
  • The average score is 103 of 188
Answer Stats
会社 停車駅 % Correct
小田急 新宿
89%
小田急 大和
89%
小田急 小田原
85%
東武 | 西武 池袋
84%
小田急 代々木上原
82%
小田急 下北沢
79%
小田急 新百合ヶ丘
79%
小田急 町田
79%
小田急 相模大野
79%
名鉄 名鉄名古屋
79%
西武 所沢
78%
小田急 海老名
78%
小田急 藤沢
78%
東武 川越
77%
小田急 本厚木
77%
西武 西武新宿
76%
小田急 登戸
76%
小田急 新松田
76%
東武 和光市
75%
東武 川越市
75%
東武 小川町
75%
西武 飯能
74%
小田急 伊勢原
74%
小田急 秦野
73%
近鉄 近鉄奈良
73%
東武 森林公園
72%
小田急 中央林間
72%
小田急 湘南台
72%
名鉄 名鉄岐阜
72%
名鉄 金山
72%
西武 練馬
71%
東武 朝霞台
70%
西武 高田馬場
70%
近鉄 大阪上本町
70%
近鉄 鶴橋
70%
近鉄 大和西大寺
70%
西武 本川越
69%
西武 石神井公園
69%
近鉄 大阪難波
69%
小田急 小田急多摩センター
68%
小田急 唐木田
68%
近鉄 生駒
68%
京阪 淀屋橋
67%
東武 坂戸
66%
名鉄 中部国際空港
66%
京阪 京橋
66%
西武 小手指
65%
西武 入間市
65%
小田急 鶴巻温泉
65%
小田急 東海大学前
65%
名鉄 神宮前
65%
近鉄 大和八木
65%
南海 難波
65%
西武 田無
64%
西武 狭山市
64%
名鉄 犬山
64%
名鉄 名鉄一宮
64%
京阪 枚方市
64%
京阪 出町柳
64%
阪神 尼崎
64%
阪神 神戸三宮
63%
名鉄 常滑
62%
西武 東村山
61%
西武 小竹向原
61%
小田急 愛甲石田
61%
小田急 小田急永山
61%
近鉄 新大宮
61%
京阪 中之島
61%
京阪 三条
61%
南海 新今宮
61%
東武 東松山
60%
名鉄 新鵜沼
60%
近鉄 伊勢中川
60%
近鉄 学園前
60%
京阪 天満橋
60%
阪神 甲子園
60%
西武 新所沢
59%
大井川 金谷
59%
名鉄 青山
59%
近鉄 伊勢市
59%
京阪 守口市
59%
京阪 寝屋川市
59%
京阪 樟葉
59%
京阪 中書島
59%
阪神 西宮
59%
名鉄 犬山遊園
58%
近鉄 名張
58%
近鉄 鳥羽
58%
京阪 北浜
58%
京阪 丹波橋
58%
東武 鶴ヶ島
57%
東武 武蔵嵐山
57%
名鉄 太田川
57%
南海 天下茶屋
57%
南海 橋本
57%
阪神 西九条
57%
近鉄 近鉄日本橋
56%
阪神 芦屋
56%
東武 つきのわ
55%
西武 ひばりヶ丘
55%
小田急 渋沢
55%
近鉄 松阪
55%
近鉄 宇治山田
55%
京阪 七条
55%
京阪 祇園四条
55%
名鉄 笠松
53%
名鉄 河和
53%
東武 霞ヶ関
52%
近鉄 青山町
52%
阪神 魚崎
52%
東武 若葉
51%
東武 北坂戸
51%
小田急 栗平
51%
大井川 新金谷
51%
名鉄 岩倉
51%
近鉄 五十鈴川
51%
南海 河内長野
51%
阪神 桜川
51%
阪神 九条
51%
名鉄 新木曽川
50%
名鉄 知多半田
50%
近鉄 桜井
50%
近鉄 榊原温泉口
50%
南海 堺東
50%
阪神 ドーム前
50%
阪神 武庫川
50%
名鉄 国府宮
49%
東武 高坂
48%
西武 新狭山
48%
名鉄 内海
48%
近鉄 榛原
48%
近鉄 伊賀神戸
48%
南海 極楽橋
48%
西武 南大塚
47%
名鉄 上小田井
47%
名鉄 尾張横須賀
47%
近鉄 五位堂
47%
名鉄 江南
46%
近鉄 大和高田
46%
阪神 今津
46%
京阪 渡辺橋
45%
京阪 香里園
45%
南海 林間田園都市
45%
西武 入曽
43%
京阪 大江橋
43%
京阪 なにわ橋
43%
名鉄 扶桑
42%
名鉄 知多武豊
42%
近鉄 桔梗が丘
42%
名鉄 須ケ口
41%
名鉄 阿久比
40%
名鉄 河和口
40%
近鉄 赤目口
40%
南海 金剛
40%
名鉄 富貴
39%
近鉄 室生口大野
39%
名鉄 西春
38%
名鉄 新清洲
38%
名鉄 新舞子
38%
名鉄 上ゲ
38%
名鉄 柏森
37%
名鉄 朝倉
35%
南海 北野田
34%
名鉄 美浜緑苑
33%
名鉄 布袋
32%
近鉄 美旗
32%
名鉄 南加木屋
31%
近鉄 池の浦
31%
南海 三日市町
31%
名鉄 野間
30%
近鉄 朝熊
30%
南海 紀伊神谷
30%
名鉄 上野間
29%
名鉄 知多奥田
29%
大井川 家山
28%
南海 九度山
28%
名鉄 成岩
27%
名鉄 住吉町
25%
南海 学文路
25%
南海 高野下
25%
名鉄 巽ケ丘
22%
南海 御幸辻
22%
南海 美加の台
21%
南海 下古沢
21%
南海 上古沢
21%
南海 紀伊細川
21%
南海 紀伊清水
18%
No matching quizzes found
Score Distribution
Percent of People with Each Score
Percentile by Number Answered
Your Score History
You have not taken this quiz